[Event "PMPJ 2022 - C17"]
[Site "Jastrzebia Gora"]
[Date "2022.11.07"]
[Round "3.10"]
[White "Kulig, Pawel"]
[Black "Rychlik, Michal"]
[Result "1/2-1/2"]
[BlackElo "1604"]
[WhiteElo "1887"]
[LiveChessVersion "1.4.8"]

1. d4 {[%clk 1:30:58]} Nf6 {[%clk 1:30:52]} 2. c4 {[%clk 1:31:17]} c5
{[%clk 1:31:18]} 3. d5 {[%clk 1:31:43]} b5 {[%clk 1:31:38]} 4. cxb5
{[%clk 1:32:11]} a6 {[%clk 1:32:01]} 5. b6 {[%clk 1:32:37]} e6 {[%clk 1:32:24]}
6. Nc3 {[%clk 1:32:43]} Nxd5 {[%clk 1:32:48]} 7. Nxd5 {[%clk 1:33:04]} exd5
{[%clk 1:33:14]} 8. Qxd5 {[%clk 1:33:12]} Nc6 {[%clk 1:33:36]} 9. Nf3
{[%clk 1:33:12]} Rb8 {[%clk 1:33:51]} 10. a3 {[%clk 1:31:44]} Rxb6
{[%clk 1:32:17]} 11. e4 {[%clk 1:28:25]} Be7 {[%clk 1:32:03]} 12. Bc4
{[%clk 1:26:47]} O-O {[%clk 1:32:27]} 13. O-O {[%clk 1:26:38]} d6
{[%clk 1:32:14]} 14. Qd3 {[%clk 1:25:35]} Be6 {[%clk 1:27:34]} 15. Bd5
{[%clk 1:24:16]} Qd7 {[%clk 1:23:45]} 16. Qc2 {[%clk 1:15:58]} Bf6
{[%clk 1:20:58]} 17. Rd1 {[%clk 1:09:26]} Bg4 {[%clk 1:14:50]} 18. Qd3
{[%clk 0:56:16]} Nd4 {[%clk 1:08:03]} 19. Nxd4 {[%clk 0:44:11]} Bxd1
{[%clk 1:04:21]} 20. Nf5 {[%clk 0:44:15]} Ba4 {[%clk 0:52:57]} 21. Qg3
{[%clk 0:42:06]} Kh8 {[%clk 0:50:57]} 22. Bf4 {[%clk 0:38:56]} g6
{[%clk 0:44:34]} 23. Nxd6 {[%clk 0:37:37]} g5 {[%clk 0:45:03]} 24. Nc4
{[%clk 0:24:06]} gxf4 {[%clk 0:42:13]} 25. Qxf4 {[%clk 0:24:26]} Re6
{[%clk 0:35:17]} 26. Bxe6 {[%clk 0:21:28]} Qxe6 {[%clk 0:32:16]} 27. e5
{[%clk 0:21:31]} Bb3 {[%clk 0:30:43]} 28. exf6 {[%clk 0:20:29]} Qxc4
{[%clk 0:28:44]} 29. Qxc4 {[%clk 0:15:18]} Bxc4 {[%clk 0:29:07]} 30. Rc1
{[%clk 0:15:15]} Be6 {[%clk 0:28:32]} 31. Rxc5 {[%clk 0:15:20]} Rc8
{[%clk 0:28:56]} 32. Rxc8+ {[%clk 0:15:11]} Bxc8 {[%clk 0:29:20]} 33. f3
{[%clk 0:14:30]} h6 {[%clk 0:28:34]} 34. h4 {[%clk 0:13:32]} h5 {[%clk 0:27:47]}
35. Kf2 {[%clk 0:13:10]} Kh7 {[%clk 0:27:23]} 36. Ke3 {[%clk 0:12:51]} Kg6
{[%clk 0:27:16]} 37. Kf4 {[%clk 0:13:04]} Kxf6 {[%clk 0:27:04]} 38. g4
{[%clk 0:13:06]} Kg6 {[%clk 0:27:26]} 39. b4 {[%clk 0:11:47]} Bd7
{[%clk 0:27:08]} 40. Kg3 {[%clk 0:10:46]} Bb5 {[%clk 0:27:03]} 41. Kf4
{[%clk 0:10:51]} Be2 {[%clk 0:25:57]} 42. Ke3 {[%clk 0:09:09]} Bd1
{[%clk 0:26:03]} 43. Kf4 {[%clk 0:08:04]} Bc2 {[%clk 0:25:50]} 44. Kg3
{[%clk 0:08:21]} Kf6 {[%clk 0:24:41]} 45. Kf4 {[%clk 0:08:16]} Kg6
{[%clk 0:22:26]} 46. Kg3 {[%clk 0:08:40]} Kf6 {[%clk 0:20:16]} 47. Kf4
{[%clk 0:09:05]} 1/2-1/2

[Event "PMPJ 2022 - C17"]
[Site "Jastrzebia Gora"]
[Date "2022.11.07"]
[Round "3.11"]
[White "Dysko, Michal"]
[Black "Skrzypczynski, Kacper"]
[Result "1-0"]
[BlackElo "1894"]
[WhiteElo "1554"]
[LiveChessVersion "1.4.8"]

1. e4 {[%clk 1:30:45]} c5 {[%clk 1:30:53]} 2. Nc3 {[%clk 1:31:10]} Nc6
{[%clk 1:31:16]} 3. g3 {[%clk 1:31:34]} d6 {[%clk 1:31:38]} 4. Bg2
{[%clk 1:31:36]} Rb8 {[%clk 1:32:01]} 5. d3 {[%clk 1:31:01]} b5 {[%clk 1:32:21]}
6. f4 {[%clk 1:29:01]} b4 {[%clk 1:32:11]} 7. Nce2 {[%clk 1:29:00]} e5
{[%clk 1:31:59]} 8. Nf3 {[%clk 1:28:34]} Nf6 {[%clk 1:31:38]} 9. h3
{[%clk 1:24:39]} Qc7 {[%clk 1:31:25]} 10. O-O {[%clk 1:24:58]} Nd4
{[%clk 1:31:28]} 11. Nexd4 {[%clk 1:11:18]} cxd4 {[%clk 1:31:40]} 12. fxe5
{[%clk 1:04:33]} dxe5 {[%clk 1:32:00]} 13. Nxe5 {[%clk 1:04:24]} Qxe5
{[%clk 1:31:54]} 14. Bf4 {[%clk 1:04:40]} Qb5 {[%clk 1:32:19]} 15. Bxb8
{[%clk 1:04:46]} Qxb8 {[%clk 1:32:42]} 16. e5 {[%clk 1:04:47]} Ng8
{[%clk 1:32:38]} 17. Bc6+ {[%clk 1:02:35]} Ke7 {[%clk 1:30:09]} 18. Qh5
{[%clk 0:53:11]} Be6 {[%clk 1:29:37]} 19. Rae1 {[%clk 0:14:07]} h6
{[%clk 1:29:19]} 20. Qh4+ {[%clk 0:14:02]} g5 {[%clk 1:29:10]} 21. Qxd4
{[%clk 0:14:30]} Qb6 {[%clk 1:29:32]} 22. Qxb6 {[%clk 0:12:51]} axb6
{[%clk 1:29:58]} 23. Kg2 {[%clk 0:09:29]} Kd8 {[%clk 1:30:16]} 24. d4
{[%clk 0:06:52]} Ne7 {[%clk 1:29:47]} 25. Bb5 {[%clk 0:07:21]} Kc7
{[%clk 1:28:56]} 26. c4 {[%clk 0:05:27]} bxc3 {[%clk 1:28:37]} 27. bxc3
{[%clk 0:05:30]} Nc6 {[%clk 1:28:03]} 28. Rd1 {[%clk 0:04:08]} Nxe5
{[%clk 1:27:12]} 29. dxe5 {[%clk 0:04:09]} Bg7 {[%clk 1:27:08]} 30. Rfe1
{[%clk 0:01:27]} Ra8 {[%clk 1:27:09]} 31. a4 {[%clk 0:01:49]} h5 {[%clk 1:26:04]}
32. Rd6 {[%clk 0:01:12]} Rf8 {[%clk 1:23:24]} 33. c4 {[%clk 0:00:48]} g4
{[%clk 1:22:52]} 34. h4 {[%clk 0:00:39]} Bh6 {[%clk 1:22:50]} 35. Rf1
{[%clk 0:00:40]} Bg7 {[%clk 1:22:44]} 36. Rc6+ {[%clk 0:00:33]} Kb7
{[%clk 1:22:51]} 37. Rxe6 {[%clk 0:00:36]} fxe6 {[%clk 1:23:17]} 38. Rxf8
{[%clk 0:00:55]} Bxf8 {[%clk 1:23:43]} 39. Be8 {[%clk 0:01:17]} Bg7
{[%clk 1:24:03]} 40. Bxh5 {[%clk 0:01:21]} Kc7 {[%clk 1:24:26]} 41. Bxg4
{[%clk 0:00:56]} Kd7 {[%clk 1:24:51]} 42. Be2 {[%clk 0:00:34]} Bxe5
{[%clk 1:25:14]} 43. g4 {[%clk 0:00:33]} Ke7 {[%clk 1:25:37]} 44. Kf3
{[%clk 0:00:40]} Kf6 {[%clk 1:26:01]} 45. g5+ {[%clk 0:00:34]} Kg6
{[%clk 1:26:16]} 46. Kg4 {[%clk 0:00:45]} Bc3 {[%clk 1:26:38]} 47. h5+
{[%clk 0:00:45]} Kg7 {[%clk 1:27:02]} 48. h6+ {[%clk 0:00:37]} Kf7
{[%clk 1:26:57]} 49. Bd3 {[%clk 0:00:34]} Bd2 {[%clk 1:27:17]} 50. g6+
{[%clk 0:00:33]} Kf6 {[%clk 1:27:26]} 51. g7 {[%clk 0:00:52]} 1-0

[Event "PMPJ 2022 - C17"]
[Site "Jastrzebia Gora"]
[Date "2022.11.07"]
[Round "3.12"]
[White "Ullrich, Karol"]
[Black "Choina, Jan"]
[Result "0-1"]
[BlackElo "1554"]
[WhiteElo "1848"]
[LiveChessVersion "1.4.8"]

1. e4 {[%clk 1:30:57]} c5 {[%clk 1:30:50]} 2. Nf3 {[%clk 1:31:15]} e6
{[%clk 1:30:59]} 3. d4 {[%clk 1:31:41]} cxd4 {[%clk 1:31:24]} 4. Nxd4
{[%clk 1:32:03]} a6 {[%clk 1:31:39]} 5. Nc3 {[%clk 1:31:18]} Qc7 {[%clk 1:31:49]}
6. a3 {[%clk 1:27:35]} Nf6 {[%clk 1:31:31]} 7. Be2 {[%clk 1:27:05]} b5
{[%clk 1:30:38]} 8. O-O {[%clk 1:26:23]} Bb7 {[%clk 1:30:00]} 9. Qd3
{[%clk 1:23:05]} Nc6 {[%clk 1:29:18]} 10. f4 {[%clk 1:14:06]} Nxd4
{[%clk 1:21:14]} 11. e5 {[%clk 1:13:10]} Nxe2+ {[%clk 1:19:20]} 12. Qxe2
{[%clk 1:13:14]} Nd5 {[%clk 1:18:37]} 13. Ne4 {[%clk 1:13:24]} Rc8
{[%clk 1:17:09]} 14. c3 {[%clk 1:12:57]} Qc4 {[%clk 1:15:25]} 15. Qe1
{[%clk 1:10:39]} Nb6 0-1

[Event "PMPJ 2022 - C17"]
[Site "Jastrzebia Gora"]
[Date "2022.11.07"]
[Round "3.13"]
[White "Mocko, Maciej"]
[Black "Kietrys, Maciej"]
[Result "1/2-1/2"]
[BlackElo "1847"]
[WhiteElo "1572"]
[LiveChessVersion "1.4.8"]

1. e4 {[%clk 1:30:49]} e5 {[%clk 1:30:39]} 2. Nc3 {[%clk 1:31:15]} Nf6
{[%clk 1:30:57]} 3. f4 {[%clk 1:31:44]} d5 {[%clk 1:31:19]} 4. fxe5
{[%clk 1:32:09]} Nxe4 {[%clk 1:31:44]} 5. Qf3 {[%clk 1:32:34]} Nc6
{[%clk 1:31:47]} 6. Bb5 {[%clk 1:32:59]} Nxc3 {[%clk 1:31:29]} 7. bxc3
{[%clk 1:32:59]} Qh4+ {[%clk 1:29:22]} 8. g3 {[%clk 1:32:51]} Qe4+
{[%clk 1:29:47]} 9. Qxe4 {[%clk 1:33:10]} dxe4 {[%clk 1:30:13]} 10. Bxc6+
{[%clk 1:33:33]} bxc6 {[%clk 1:30:40]} 11. Ne2 {[%clk 1:29:39]} g6
{[%clk 1:23:31]} 12. d4 {[%clk 1:17:09]} exd3 {[%clk 1:22:57]} 13. cxd3
{[%clk 1:17:38]} Bg7 {[%clk 1:22:52]} 14. d4 {[%clk 1:15:50]} O-O
{[%clk 1:18:11]} 15. Ba3 {[%clk 1:15:22]} Re8 {[%clk 1:18:30]} 16. O-O
{[%clk 0:54:39]} Ba6 {[%clk 0:56:47]} 17. Rf2 {[%clk 0:51:53]} Rab8
{[%clk 0:50:44]} 18. Nf4 {[%clk 0:45:16]} Bc4 {[%clk 0:50:32]} 19. Re1
{[%clk 0:45:11]} a5 {[%clk 0:50:10]} 20. Ng2 {[%clk 0:42:25]} Bh6
{[%clk 0:48:56]} 21. Bc1 {[%clk 0:33:57]} Bxc1 {[%clk 0:45:06]} 22. Rxc1
{[%clk 0:34:26]} Rbd8 {[%clk 0:32:41]} 23. Ne3 {[%clk 0:34:11]} Be6
{[%clk 0:28:55]} 24. Rd1 {[%clk 0:33:26]} Bc8 {[%clk 0:27:10]} 25. Nc4
{[%clk 0:25:45]} Rd5 {[%clk 0:25:07]} 26. Rf6 {[%clk 0:23:40]} Be6
{[%clk 0:22:10]} 27. Rf2 {[%clk 0:16:49]} Bc8 {[%clk 0:19:00]} 28. Nd2
{[%clk 0:15:44]} c5 {[%clk 0:18:41]} 29. Ne4 {[%clk 0:16:03]} Rexe5
{[%clk 0:18:08]} 30. Nf6+ {[%clk 0:15:46]} Kg7 {[%clk 0:18:34]} 31. Nxd5
{[%clk 0:16:10]} Rxd5 {[%clk 0:19:01]} 32. Rdd2 {[%clk 0:15:40]} Be6
{[%clk 0:18:37]} 33. Kg2 {[%clk 0:15:06]} cxd4 {[%clk 0:18:02]} 34. Rxd4
{[%clk 0:14:38]} Rc5 {[%clk 0:18:17]} 35. Rd3 {[%clk 0:14:18]} Rb5
{[%clk 0:16:52]} 36. Kf3 {[%clk 0:12:23]} c5 {[%clk 0:14:53]} 37. Rd6
{[%clk 0:11:58]} Rb1 {[%clk 0:13:47]} 38. Ra6 {[%clk 0:11:29]} Rc1
{[%clk 0:14:13]} 39. Rxa5 {[%clk 0:11:50]} Rxc3+ {[%clk 0:14:39]} 40. Ke4
{[%clk 0:12:06]} c4 {[%clk 0:14:43]} 41. Ra7 {[%clk 0:11:59]} Rc1
{[%clk 0:14:26]} 42. Kd4 {[%clk 0:11:12]} Rd1+ {[%clk 0:13:26]} 43. Kc3
{[%clk 0:11:10]} Rd3+ {[%clk 0:13:50]} 44. Kb2 {[%clk 0:11:20]} Rd6
{[%clk 0:13:42]} 45. a4 {[%clk 0:11:27]} Rb6+ {[%clk 0:13:49]} 46. Kc2
{[%clk 0:10:46]} Rb3 {[%clk 0:14:04]} 47. Rf4 {[%clk 0:06:59]} Bf5+
{[%clk 0:10:45]} 48. Kc1 {[%clk 0:06:50]} 1/2-1/2

[Event "PMPJ 2022 - C17"]
[Site "Jastrzebia Gora"]
[Date "2022.11.07"]
[Round "3.14"]
[White "Czarniecki, Pawel"]
[Black "Lis, Maksymilian"]
[Result "1/2-1/2"]
[BlackElo "1684"]
[WhiteElo "1524"]
[LiveChessVersion "1.4.8"]

1. e4 {[%clk 1:30:58]} c5 {[%clk 1:30:48]} 2. Nf3 {[%clk 1:31:23]} e6
{[%clk 1:31:12]} 3. b4 {[%clk 1:31:36]} cxb4 {[%clk 1:31:32]} 4. d4
{[%clk 1:32:01]} Nf6 {[%clk 1:31:03]} 5. Bd3 {[%clk 1:32:25]} Nc6
{[%clk 1:31:21]} 6. O-O {[%clk 1:32:31]} Be7 {[%clk 1:31:45]} 7. a3
{[%clk 1:32:38]} O-O {[%clk 1:30:26]} 8. Bd2 {[%clk 1:31:14]} a5 {[%clk 1:18:18]}
9. axb4 {[%clk 1:26:31]} Nxb4 {[%clk 1:18:38]} 10. Bxb4 {[%clk 1:26:44]} Bxb4
{[%clk 1:18:59]} 11. c3 {[%clk 1:27:02]} Be7 {[%clk 1:19:21]} 12. Nbd2
{[%clk 1:24:52]} d6 {[%clk 1:17:21]} 13. Qb3 {[%clk 1:18:18]} b6 {[%clk 1:07:33]}
14. Rfb1 {[%clk 1:09:47]} Nd7 {[%clk 1:05:25]} 15. Nc4 {[%clk 1:06:02]} Ba6
{[%clk 1:03:33]} 16. Qd1 {[%clk 0:56:42]} Qc7 {[%clk 1:02:03]} 17. Na3
{[%clk 0:47:01]} Bxd3 {[%clk 0:54:53]} 18. Qxd3 {[%clk 0:47:25]} Rfb8
{[%clk 0:53:20]} 19. Nb5 {[%clk 0:44:56]} Qd8 {[%clk 0:50:12]} 20. Nd2
{[%clk 0:43:10]} Nf6 {[%clk 0:49:26]} 21. f4 {[%clk 0:41:54]} Ne8
{[%clk 0:49:43]} 22. Nc4 {[%clk 0:39:31]} Nc7 {[%clk 0:49:21]} 23. Nca3
{[%clk 0:39:20]} d5 {[%clk 0:47:48]} 24. e5 {[%clk 0:31:52]} Bxa3
{[%clk 0:46:54]} 25. Rxa3 {[%clk 0:30:30]} Nxb5 {[%clk 0:47:01]} 26. Qxb5
{[%clk 0:30:55]} Ra7 {[%clk 0:45:56]} 27. g3 {[%clk 0:29:04]} Kf8
{[%clk 0:43:44]} 28. Qc6 {[%clk 0:28:02]} Rc7 {[%clk 0:42:28]} 29. Qb5
{[%clk 0:27:28]} Ra7 {[%clk 0:32:32]} 30. Qc6 {[%clk 0:26:05]} Ke7
{[%clk 0:30:29]} 31. Qb5 {[%clk 0:24:51]} Qd7 {[%clk 0:29:26]} 32. Qd3
{[%clk 0:24:40]} g6 {[%clk 0:29:40]} 33. Rab3 {[%clk 0:21:22]} Rab7
{[%clk 0:28:21]} 34. Rb5 {[%clk 0:20:22]} Qc6 {[%clk 0:27:52]} 35. Qd2
{[%clk 0:16:58]} Qc4 {[%clk 0:22:55]} 36. Qb2 {[%clk 0:14:52]} Qc6
{[%clk 0:20:53]} 37. Qa3+ {[%clk 0:14:57]} Ke8 {[%clk 0:21:01]} 38. Kf2
{[%clk 0:14:32]} Rc8 {[%clk 0:18:17]} 39. R1b3 {[%clk 0:14:06]} Ra8
{[%clk 0:16:19]} 40. Qa4 {[%clk 0:12:30]} Ra6 {[%clk 0:14:06]} 41. Ke3
{[%clk 0:11:35]} Qc4 {[%clk 0:13:01]} 42. Qa1 {[%clk 0:09:03]} Rc7
{[%clk 0:10:14]} 43. Kd2 {[%clk 0:08:57]} a4 {[%clk 0:07:14]} 44. R3b4
{[%clk 0:09:16]} Qc6 {[%clk 0:07:31]} 45. Qa3 {[%clk 0:08:29]} Rc8
{[%clk 0:07:14]} 46. Kd3 {[%clk 0:08:08]} 1/2-1/2

[Event "PMPJ 2022 - C17"]
[Site "Jastrzebia Gora"]
[Date "2022.11.07"]
[Round "3.15"]
[White "Wesolek, Krzysztof"]
[Black "Bekier, Piotr"]
[Result "1-0"]
[BlackElo "1548"]
[WhiteElo "1667"]
[LiveChessVersion "1.4.8"]

1. d4 {[%clk 1:30:58]} d6 {[%clk 1:30:59]} 2. Nf3 {[%clk 1:31:20]} Nf6
{[%clk 1:31:25]} 3. e3 {[%clk 1:31:42]} g6 {[%clk 1:31:50]} 4. b3
{[%clk 1:32:08]} Bg7 {[%clk 1:32:15]} 5. Bb2 {[%clk 1:32:32]} O-O
{[%clk 1:32:32]} 6. Be2 {[%clk 1:32:54]} Nbd7 {[%clk 1:32:15]} 7. O-O
{[%clk 1:32:48]} c5 {[%clk 1:32:19]} 8. c4 {[%clk 1:31:46]} a6 {[%clk 1:31:40]}
9. Nc3 {[%clk 1:29:57]} Rb8 {[%clk 1:30:53]} 10. Qd2 {[%clk 1:25:31]} b6
{[%clk 1:31:11]} 11. Rfd1 {[%clk 1:20:03]} Bb7 {[%clk 1:30:17]} 12. a3
{[%clk 1:20:11]} Ne4 {[%clk 1:30:42]} 13. Nxe4 {[%clk 1:03:40]} Bxe4
{[%clk 1:28:46]} 14. b4 {[%clk 0:51:48]} Qc7 {[%clk 1:24:47]} 15. Rac1
{[%clk 0:44:37]} Rfc8 {[%clk 1:18:42]} 16. Ne1 {[%clk 0:37:23]} Bc6 17. b5
{[%clk 0:37:51]} axb5 {[%clk 1:18:34]} 18. cxb5 Bb7 19. d5 {[%clk 0:26:03]} Bxb2
{[%clk 1:17:25]} 20. Qxb2 {[%clk 0:26:28]} Nf6 {[%clk 1:17:50]} 21. Bc4
{[%clk 0:26:00]} Ra8 {[%clk 1:17:39]} 22. f3 {[%clk 0:23:47]} Ra7
{[%clk 1:14:51]} 23. e4 Rca8 {[%clk 1:15:05]} 24. Rc3 {[%clk 0:18:40]} Nd7
{[%clk 1:15:03]} 25. Nd3 {[%clk 0:18:44]} f6 26. f4 {[%clk 0:18:34]} Kg7
{[%clk 1:13:10]} 27. Re1 {[%clk 0:18:14]} Ra4 {[%clk 1:13:06]} 28. g4
{[%clk 0:12:27]} Rf8 {[%clk 1:08:56]} 29. Qc2 {[%clk 0:11:52]} Raa8
{[%clk 1:09:20]} 30. Qe2 {[%clk 0:10:15]} g5 {[%clk 1:08:30]} 31. e5 Rae8
{[%clk 1:05:42]} 32. e6 {[%clk 0:10:20]} Nb8 {[%clk 1:03:44]} 33. f5
{[%clk 0:09:32]} Rh8 {[%clk 1:03:15]} 34. Nf2 {[%clk 0:09:04]} h6
{[%clk 1:03:30]} 35. Qf3 {[%clk 0:08:28]} Qc8 {[%clk 1:02:28]} 36. Ne4
{[%clk 0:07:26]} Rh7 {[%clk 0:56:14]} 37. Ng3 {[%clk 0:06:51]} Na6
{[%clk 0:53:42]} 38. bxa6 {[%clk 0:05:42]} Bxa6 {[%clk 0:54:10]} 39. Nh5+
{[%clk 0:04:54]} Kg8 {[%clk 0:53:50]} 40. Bxa6 {[%clk 0:03:56]} Qxa6
{[%clk 0:54:18]} 41. Qd3 {[%clk 0:03:02]} Qa4 {[%clk 0:53:44]} 42. Qc4
{[%clk 0:03:15]} Qa5 {[%clk 0:53:52]} 43. Rb1 {[%clk 0:03:04]} Rb8
{[%clk 0:53:42]} 44. Rb5 {[%clk 0:03:19]} Qa6 {[%clk 0:53:05]} 45. Rcb3
{[%clk 0:03:31]} Rg7 {[%clk 0:53:24]} 46. Nxg7 {[%clk 0:03:14]} Kxg7
{[%clk 0:53:52]} 47. Rxc5 {[%clk 0:02:27]} Qa7 {[%clk 0:52:53]} 48. Rc7
{[%clk 0:02:25]} Rb7 {[%clk 0:53:21]} 49. Rxb7 {[%clk 0:02:35]} Qxb7
{[%clk 0:53:45]} 50. Rc3 {[%clk 0:02:20]} Qa8 {[%clk 0:52:49]} 51. Qc7
{[%clk 0:02:22]} 1-0

[Event "PMPJ 2022 - C17"]
[Site "Jastrzebia Gora"]
[Date "2022.11.07"]
[Round "3.16"]
[White "Haluja, Wiktor"]
[Black "Krasniewski, Szymon"]
[Result "0-1"]
[BlackElo "1645"]
[WhiteElo "1435"]
[LiveChessVersion "1.4.8"]

1. e4 {[%clk 1:30:58]} g6 {[%clk 1:30:56]} 2. d4 {[%clk 1:31:23]} Bg7
{[%clk 1:31:23]} 3. Nc3 {[%clk 1:31:47]} d6 {[%clk 1:31:48]} 4. Be3
{[%clk 1:32:10]} a6 {[%clk 1:32:12]} 5. Qd2 {[%clk 1:32:34]} b5 {[%clk 1:32:03]}
6. f3 {[%clk 1:32:42]} Nd7 {[%clk 1:32:19]} 7. O-O-O {[%clk 1:32:51]} Bb7
{[%clk 1:32:44]} 8. h4 {[%clk 1:32:49]} h6 {[%clk 1:33:10]} 9. g4
{[%clk 1:33:01]} c5 {[%clk 1:30:01]} 10. Kb1 {[%clk 1:29:47]} b4 {[%clk 1:17:28]}
11. Nce2 {[%clk 1:21:37]} a5 {[%clk 1:12:43]} 12. Ng3 {[%clk 1:14:04]} Qc7
{[%clk 1:05:42]} 13. h5 {[%clk 1:08:35]} c4 {[%clk 1:04:52]} 14. hxg6
{[%clk 1:02:56]} fxg6 {[%clk 1:04:29]} 15. c3 {[%clk 0:55:35]} bxc3
{[%clk 0:52:33]} 16. Qxc3 {[%clk 0:55:40]} d5 {[%clk 0:48:31]} 17. e5
{[%clk 0:53:56]} e6 {[%clk 0:41:19]} 18. Nh3 {[%clk 0:46:05]} Qc6
{[%clk 0:28:40]} 19. f4 {[%clk 0:41:52]} a4 {[%clk 0:12:25]} 20. f5
{[%clk 0:40:30]} a3 {[%clk 0:09:50]} 21. f6 {[%clk 0:34:06]} axb2
{[%clk 0:06:43]} 22. Rd2 {[%clk 0:27:14]} Bf8 {[%clk 0:05:40]} 23. Ng5
{[%clk 0:23:56]} Ra3 {[%clk 0:01:51]} 24. f7+ {[%clk 0:10:09]} Kd8
{[%clk 0:02:14]} 25. fxg8=Q {[%clk 0:07:28]} Rxg8 {[%clk 0:02:40]} 26. Qxb2
{[%clk 0:04:09]} Rxe3 {[%clk 0:01:07]} 27. Nf7+ {[%clk 0:02:43]} Kc7
{[%clk 0:01:18]} 28. Nd6 {[%clk 0:01:55]} Rxg3 {[%clk 0:00:41]} 29. Rc2
{[%clk 0:01:45]} Bxd6 {[%clk 0:00:56]} 30. exd6+ {[%clk 0:02:14]} Qxd6
{[%clk 0:01:02]} 31. Kc1 {[%clk 0:01:28]} Qf4+ {[%clk 0:01:10]} 32. Kb1
{[%clk 0:01:35]} Bc6 {[%clk 0:01:24]} 33. Bxc4 {[%clk 0:00:34]} dxc4
{[%clk 0:01:40]} 34. Rxc4 {[%clk 0:00:54]} Rb8 {[%clk 0:01:24]} 35. Rxc6+
{[%clk 0:01:12]} Kxc6 {[%clk 0:01:49]} 36. Rc1+ {[%clk 0:01:35]} Qxc1+
{[%clk 0:01:54]} 0-1

[Event "PMPJ 2022 - C17"]
[Site "Jastrzebia Gora"]
[Date "2022.11.07"]
[Round "3.17"]
[White "Maciaszek, Karol"]
[Black "Witkowski, Jedrzej"]
[Result "1-0"]
[BlackElo "1463"]
[WhiteElo "1631"]
[LiveChessVersion "1.4.8"]

1. e4 {[%clk 1:30:57]} c5 {[%clk 1:30:56]} 2. b4 {[%clk 1:31:18]} cxb4
{[%clk 1:30:59]} 3. a3 {[%clk 1:31:33]} e6 {[%clk 1:31:18]} 4. axb4
{[%clk 1:31:37]} Bxb4 {[%clk 1:31:34]} 5. c3 {[%clk 1:31:47]} Bf8
{[%clk 1:31:39]} 6. d4 {[%clk 1:31:33]} d5 {[%clk 1:28:33]} 7. e5
{[%clk 1:31:05]} Nc6 {[%clk 1:28:28]} 8. Bd3 {[%clk 1:30:38]} Nge7
{[%clk 1:28:15]} 9. Nf3 {[%clk 1:21:42]} a6 {[%clk 1:23:19]} 10. O-O
{[%clk 1:20:54]} g6 {[%clk 1:20:44]} 11. Na3 {[%clk 1:14:15]} Rb8
{[%clk 1:18:56]} 12. Nc2 {[%clk 1:11:56]} Bg7 {[%clk 1:17:14]} 13. Bg5
{[%clk 1:10:10]} h6 {[%clk 1:14:45]} 14. Bh4 {[%clk 1:04:15]} g5 {[%clk 1:12:21]}
15. Bg3 {[%clk 1:04:32]} Nf5 {[%clk 1:12:09]} 16. Ne3 {[%clk 1:01:36]} Nce7
{[%clk 1:01:36]} 17. Ng4 {[%clk 0:53:15]} Nxg3 {[%clk 0:59:50]} 18. fxg3
{[%clk 0:52:07]} Nf5 {[%clk 0:58:42]} 19. Qe2 {[%clk 0:49:27]} Kf8
{[%clk 0:44:29]} 20. Rf2 {[%clk 0:42:14]} Bd7 {[%clk 0:34:27]} 21. Raf1
{[%clk 0:40:44]} Rc8 {[%clk 0:29:59]} 22. Qd2 {[%clk 0:14:33]} Rc7
{[%clk 0:23:48]} 23. Ne1 {[%clk 0:13:06]} Bc8 {[%clk 0:15:18]} 24. Ne3
{[%clk 0:12:46]} Nxe3 {[%clk 0:13:29]} 25. Qxe3 {[%clk 0:13:07]} Kg8
{[%clk 0:13:31]} 26. Qd2 {[%clk 0:07:20]} Qe8 {[%clk 0:13:06]} 27. Nc2
{[%clk 0:06:36]} b5 {[%clk 0:13:03]} 28. Ne3 {[%clk 0:06:04]} Qc6
{[%clk 0:11:01]} 29. Ng4 {[%clk 0:04:43]} Qb7 {[%clk 0:09:55]} 30. h4
{[%clk 0:04:39]} gxh4 {[%clk 0:07:34]} 31. gxh4 {[%clk 0:04:32]} a5
{[%clk 0:06:56]} 32. Qe3 {[%clk 0:02:50]} b4 {[%clk 0:06:00]} 33. cxb4
{[%clk 0:02:50]} axb4 {[%clk 0:05:45]} 34. Nf6+ {[%clk 0:02:20]} Kf8
{[%clk 0:06:00]} 35. Nh5 {[%clk 0:02:08]} Rg8 {[%clk 0:04:59]} 36. Bg6
{[%clk 0:02:04]} f5 {[%clk 0:04:33]} 37. exf6 {[%clk 0:02:20]} 1-0

[Event "PMPJ 2022 - C17"]
[Site "Jastrzebia Gora"]
[Date "2022.11.07"]
[Round "3.18"]
[White "Jozefik, Aleksander"]
[Black "Ochalik, Filip"]
[Result "1-0"]
[BlackElo "1448"]
[WhiteElo "1616"]
[LiveChessVersion "1.4.8"]

1. e4 {[%clk 1:30:48]} e6 {[%clk 1:30:57]} 2. d4 {[%clk 1:31:03]} d5
{[%clk 1:31:16]} 3. Nc3 {[%clk 1:31:10]} Bb4 {[%clk 1:31:21]} 4. e5
{[%clk 1:31:20]} c5 {[%clk 1:31:20]} 5. a3 {[%clk 1:29:31]} Ba5 {[%clk 1:31:24]}
6. h4 {[%clk 1:20:18]} Nc6 {[%clk 1:26:07]} 7. Bb5 {[%clk 1:15:15]} Qb6
{[%clk 1:23:30]} 8. Bxc6+ {[%clk 1:10:23]} bxc6 {[%clk 1:23:13]} 9. dxc5
{[%clk 1:09:16]} Qxc5 {[%clk 1:22:49]} 10. Nge2 {[%clk 1:08:52]} Bxc3+
{[%clk 1:16:36]} 11. Nxc3 {[%clk 1:06:30]} Ne7 {[%clk 1:09:34]} 12. Be3
{[%clk 1:03:38]} Qa5 {[%clk 1:09:19]} 13. Qd4 {[%clk 1:01:35]} Nf5
{[%clk 1:04:13]} 14. Qc5 {[%clk 0:56:29]} Qc7 {[%clk 1:03:41]} 15. Bf4
{[%clk 0:53:01]} Qb6 {[%clk 0:51:26]} 16. Na4 {[%clk 0:48:56]} Qxc5
{[%clk 0:50:46]} 17. Nxc5 {[%clk 0:49:24]} Nd4 {[%clk 0:50:53]} 18. Kd2
{[%clk 0:49:05]} Rb8 {[%clk 0:49:14]} 19. b4 {[%clk 0:46:15]} a5 {[%clk 0:45:28]}
20. c3 {[%clk 0:45:54]} Nb5 {[%clk 0:43:34]} 21. Rhb1 {[%clk 0:42:21]} O-O
{[%clk 0:36:26]} 22. g4 {[%clk 0:33:39]} Nc7 {[%clk 0:33:01]} 23. h5
{[%clk 0:31:24]} Na6 {[%clk 0:30:16]} 24. Be3 {[%clk 0:30:57]} f6
{[%clk 0:22:01]} 25. Nxa6 {[%clk 0:27:41]} Bxa6 {[%clk 0:22:26]} 26. Bc5
{[%clk 0:28:09]} Rf7 {[%clk 0:21:27]} 27. bxa5 {[%clk 0:28:13]} Ra8
{[%clk 0:21:34]} 28. Rb6 {[%clk 0:28:13]} fxe5 {[%clk 0:21:12]} 29. Rab1
{[%clk 0:28:13]} h6 {[%clk 0:21:27]} 30. Rb8+ {[%clk 0:27:33]} Rxb8
{[%clk 0:21:49]} 31. Rxb8+ {[%clk 0:27:58]} Kh7 {[%clk 0:22:12]} 32. Ra8
{[%clk 0:28:10]} Bb5 {[%clk 0:18:30]} 33. a6 {[%clk 0:28:23]} Rf4
{[%clk 0:18:26]} 34. a7 {[%clk 0:28:13]} d4 {[%clk 0:16:39]} 35. Rf8
{[%clk 0:26:30]} dxc3+ {[%clk 0:10:26]} 36. Kxc3 {[%clk 0:26:33]} Rc4+
{[%clk 0:10:48]} 37. Kb3 {[%clk 0:26:38]} Rxc5 {[%clk 0:11:11]} 38. a8=Q
{[%clk 0:27:01]} 1-0